000 00306nam a22001337a 4500
008 171031b xxu||||| |||| 00| 0 eng d
020 _a9789280810899
041 _aeng
080 _a33
100 _a58
101 _aBUS
245 _aASIA AND AFRICA IN THE GLOBAL ECONOMY
_cARYEETEY,E
942 _2udc
_cBK
999 _c36662
_d36662